| 000 | 02227nam a2200265 4500 | ||
|---|---|---|---|
| 003 | CO-CtgCURN | ||
| 005 | 20250617154603.0 | ||
| 008 | 190415s2025 000 0 eng d | ||
| 040 |
_aCO-CtgCURN _bspa _ccoctgcurn |
||
| 082 | 0 |
_aINQ 2025 _bC263 |
|
| 100 | 1 | _aCarballo devoz Andrés Felipe. | |
| 245 | 1 | 0 |
_aInfluencia de las redes sociales en el rendimiento académico de los estudiantes de Instrumentación Quirúrgica en una institución de educación superior de la ciudad de Cartagena en el 1p-2025 / _cAndres Felipe Carballo Devoz; Diana Vanesa Vega Mejia; Luis Angel Arellano Martinez; Zaida Marcela Valencia Rodelo; Asesor: Claudia Patricia Paternina Hernández. |
| 260 |
_aCartagena de Indias : _bCorporación Universitaria Rafael Núñez, _c2025. |
||
| 300 | _a77 hojas. | ||
| 504 | _aTrabajo de grado (Instrumentación quirúrgica). Corporación Universitaria Rafael Núñez. Facultad de Ciencias de la Salud. Instrumentación Quirúrgica, 2025. | ||
| 520 | _a"El impacto de las redes sociales en el rendimiento académico de los estudiantes universitarios es un fenómeno creciente que genera tanto interés como preocupación en el ámbito educativo. En este contexto, se llevó a cabo una investigación con el objetivo general de determinar la influencia de las redes sociales en el rendimiento académico de los estudiantes del programa de Instrumentación Quirúrgica de la Corporación Universitaria Rafael Núñez, durante el primer periodo académico del ao 2025. Este estudio permitió analizar no solo los aspectos académicos, sino también las características sociodemográficas y los hábitos digitales de los estudiantes. " | ||
| 650 | 0 |
_aInstrumentación quirúrgica _vTesis y disertaciones academicas. |
|
| 700 | 1 | _aVega Mejia, Diana Vanesa. | |
| 700 | 1 | _aArellano Martinez, Luis Angel. | |
| 700 | 1 | _aValencia Rodelo, Zaida Marcela. | |
| 700 | 1 |
_aPaternina Hernández, Claudia Patricia, _eAsesor. |
|
| 856 |
_uhttps://unicurn.sharepoint.com/:b:/s/biblioteca/Eeb72G-VsVxHihqLNz2L_UMBK4pN4idxL1cSfe6TSq1wpg?e=HFtirB _zClick aqui para ver el recurso en texto completo |
||
| 942 |
_2ddc _cTG _hINQ 2025 _iC263 _n0 |
||
| 999 |
_c49014 _d49014 |
||